Online
Catalog

Aventuras de Telémaco : (Record no. 4532)

MARC details
000 -CABECERA
campo de control de longitud fija 00665cam a2200193ua 4500
001 - NÚMERO DE CONTROL
campo de control 000004726
005 - FECHA Y HORA DE LA ÚLTIMA TRANSACCIÓN
campo de control 20200929151506.0
008 - DATOS DE LONGITUD FIJA--INFORMACIÓN GENERAL
campo de control de longitud fija 810403s1954 sp 000 | spa
040 ## - FUENTE DE LA CATALOGACIÓN
Centro catalogador/agencia de origen DO-SdBNP
Lengua de catalogación spa
Centro/agencia transcriptor BNPHU
082 ## - NÚMERO DE LA CLASIFICACIÓN DECIMAL DEWEY
Número de clasificación 843.4
Número de documento/Ítem F332a
049 ## - FONDOS LOCALES (OCLC)
Fondos de biblioteca BNGR
100 1# - ENTRADA PRINCIPAL--NOMBRE DE PERSONA
Nombre de persona Fenelón, François de Salignac de La Mothe,
Fechas asociadas al nombre 1651-1715.
9 (RLIN) 13750
245 10 - MENCIÓN DE TÍTULO
Título Aventuras de Telémaco :
Resto del título hijo de Ulises /
Mención de responsabilidad, etc. Fenelón; traducción y prólogo de Manuel Sacristán Luzón.
260 ## - PUBLICACIÓN, DISTRIBUCIÓN, ETC.
Lugar de publicación, distribución, etc. Barcelona, España :
Nombre del editor, distribuidor, etc. Fama,
Fecha de publicación, distribución, etc. 1954.
300 ## - DESCRIPCIÓN FÍSICA
Extensión 404 p. ;
Dimensiones 16 cm.
650 #4 - PUNTO DE ACCESO ADICIONAL DE MATERIA--TÉRMINO DE MATERIA
Término de materia o nombre geográfico como elemento de entrada Novela francesa
9 (RLIN) 1075
650 #4 - PUNTO DE ACCESO ADICIONAL DE MATERIA--TÉRMINO DE MATERIA
Término de materia o nombre geográfico como elemento de entrada Literatura francesa
9 (RLIN) 1074
700 1# - PUNTO DE ACCESO ADICIONAL--NOMBRE DE PERSONA
Nombre de persona Sacristán Luzón, Manuel,
Término indicativo de función/relación tr.
9 (RLIN) 13751
Holdings
Estado de retiro Estado de pérdida Restricciones de uso No para préstamo Código de colección Localización permanente Ubicación/localización actual Ubicación en estantería Fecha de adquisición Número de inventario Total de préstamos Signatura topográfica completa Código de barras Fecha visto por última vez Precio válido a partir de Tipo de ítem Koha Número de copia
        Monografías: Libros y Folletos General General Depósito 25.07.2009 LF1   843.4 F332a 4726-10 25.06.2020 25.06.2020 Préstamo en sala  
    Préstamo restringido Préstamo restrigido Monografías: Libros y Folletos General General Depósito 25.07.2009 LF1   843.4 F332a 4726-20 25.06.2020 25.06.2020 Préstamo en sala e. 2
        Monografías: Libros y Folletos General General Depósito 25.07.2009 LF1   843.4 F332a 4726-30 25.06.2020 25.06.2020 Préstamo en sala e. 3

Powered by Koha